000 00575nam a2200229Ia 4500
003 OSt
005 20220924132423.0
006 a|||||r|||| 00| 0
007 ta
008 220923b |||||||| |||| 00| 0 hin d
024 _a53320
037 _cTextual
040 _aARTS
_cARTS
_bhin
041 _2hin
_ahin
082 _aP15, 152L0 (TTPS)
100 _aTripathi Bauram
_9204269
245 0 _aSanskrit vyakaran
260 _c1970
650 _aLINGUISTICS
942 _hP15, 152L0 (TTPS)
_cTEXL
_2CC
999 _c430241
_d430241